| 000 | 01303nam a2200301 a 4500 | ||
|---|---|---|---|
| 001 | ebr10723051 | ||
| 003 | CaPaEBR | ||
| 006 | m o u | ||
| 007 | cr cn||||||||| | ||
| 008 | 130703s2013 enka s 001 0 eng d | ||
| 020 | _z9781782160328 | ||
| 020 | _z9781782160335 (e-book) | ||
| 040 |
_aCaPaEBR _cCaPaEBR |
||
| 035 | _a(OCoLC)857308363 | ||
| 050 | 1 | 4 |
_aQA76.76.U84 _bB54 2013eb |
| 100 | 1 | _aBlewitt, Alex. | |
| 245 | 1 | 0 |
_aEclipse 4 plug-in development by example beginner's guide _h[electronic resource] : _bhow to develop, build, test, package, and release Exlipse plug-ins with features for Eclipse 3.x and Exlipse 4.x / _cAlex Blewitt. |
| 260 |
_aBirmingham [England] : _bPackt Pub., _c2013. |
||
| 300 |
_avi, 329 p. : _bcol. ill. |
||
| 490 | 0 | _aOpen source : community experience distilled | |
| 500 | _aIncludes index. | ||
| 533 |
_aElectronic reproduction. _bPalo Alto, Calif. : _cebrary, _d2013. _nAvailable via World Wide Web. _nAccess may be limited to ebrary affiliated libraries. |
||
| 630 | 0 | 0 | _aEclipse (Electronic resource) |
| 650 | 0 | _aPlug-ins (Computer programs) | |
| 655 | 7 |
_aElectronic books. _2local |
|
| 710 | 2 | _aebrary, Inc. | |
| 856 | 4 | 0 |
_uhttp://site.ebrary.com/lib/rucke/Doc?id=10723051 _zAn electronic book accessible through the World Wide Web; click to view |
| 999 |
_c154141 _d154141 |
||